[Event "Girls U14 Polish Youth Championship"]
[Site "chess24.com"]
[Date "2018.04.29"]
[Round "1"]
[White "Szewczyk, Malwina"]
[Black "Mirowska, Oliwia"]
[Result "0-1"]
[Board "15"]
[WhiteElo "1257"]
[WhiteCountry "POL"]
[WhiteFideId "21801649"]
[WhiteEloChange "-4"]
[BlackElo "1492"]
[BlackCountry "POL"]
[BlackFideId "21807574"]
[BlackEloChange "4"]

1. d4 {[%clk 1:30:30]} d5 {[%clk 1:30:30]} 2. Nf3 {[%clk 1:30:30]} Nf6 {[%clk
1:30:30]} 3. e3 {[%clk 1:30:30]} e6 {[%clk 1:30:30]} 4. Bd3 {[%clk 1:30:30]} c5
{[%clk 1:30:30]} 5. b3 {[%clk 1:30:30]} Nc6 {[%clk 1:30:30]} 6. a3 {[%clk
1:30:30]} Bd6 {[%clk 1:30:30]} 7. Bb2 {[%clk 1:30:30]} O-O {[%clk 1:30:30]} 8.
Nbd2 {[%clk 1:30:30]} Re8 {[%clk 1:30:30]} 9. Ne5 {[%clk 1:30:30]} Bxe5 {[%clk
1:30:30]} 10. dxe5 {[%clk 1:30:30]} Nd7 {[%clk 1:30:30]} 11. f4 {[%clk 1:30:30]}
Qh4+ {[%clk 1:30:30]} 12. g3 {[%clk 1:30:30]} Qh3 {[%clk 1:30:30]} 13. Qf3 {[%clk
1:30:30]} b6 {[%clk 1:30:30]} 14. g4 {[%clk 1:30:30]} Qxf3 {[%clk 1:30:30]} 15.
Nxf3 {[%clk 1:30:30]} Bb7 {[%clk 1:30:30]} 16. Rg1 {[%clk 1:30:30]} Ne7 {[%clk
1:30:30]} 17. h4 {[%clk 1:30:30]} c4 {[%clk 1:30:30]} 18. Be2 {[%clk 1:30:30]}
Rac8 {[%clk 1:30:30]} 19. bxc4 {[%clk 1:30:30]} dxc4 {[%clk 1:30:30]} 20. Bc3
{[%clk 1:30:30]} Nd5 {[%clk 1:30:30]} 21. Bd4 {[%clk 1:30:30]} a6 {[%clk
1:30:30]} 22. g5 {[%clk 1:30:30]} Ne7 {[%clk 1:30:30]} 23. h5 {[%clk 1:30:30]}
Be4 {[%clk 1:30:30]} 24. c3 {[%clk 1:30:30]} b5 {[%clk 1:30:30]} 25. Nh4 {[%clk
1:30:30]} Nc5 {[%clk 1:30:30]} 26. Bxc5 {[%clk 1:30:30]} Rxc5 {[%clk 1:30:30]}
27. Rd1 {[%clk 1:30:30]} Nd5 {[%clk 1:30:30]} 28. Bf3 {[%clk 1:30:30]} Bxf3
{[%clk 1:30:30]} 29. Nxf3 {[%clk 1:30:30]} Nxc3 {[%clk 1:30:30]} 30. Rc1 {[%clk
1:30:30]} Nd5 {[%clk 1:30:30]} 31. Kf2 {[%clk 1:30:30]} Rec8 {[%clk 1:30:30]} 32.
g6 {[%clk 1:30:30]} h6 {[%clk 1:30:30]} 33. Nd4 {[%clk 1:30:30]} c3 {[%clk
1:30:30]} 34. gxf7+ {[%clk 1:30:30]} Kxf7 {[%clk 1:30:30]} 35. Rg6 {[%clk
1:30:30]} Nc7 {[%clk 1:30:30]} 36. Rcg1 {[%clk 1:30:30]} Rg8 {[%clk 1:30:30]} 37.
Nb3 {[%clk 1:30:30]} Rc4 {[%clk 1:30:30]} 38. Nd4 {[%clk 1:30:30]} Ra4 {[%clk
1:30:30]} 39. f5 {[%clk 1:30:30]} exf5 {[%clk 1:30:30]} 40. e6+ {[%clk 1:30:30]}
Ke8 {[%clk 1:30:30]} 41. Rd1 {[%clk 1:30:30]} Rxa3 {[%clk 1:30:30]} 42. Nc6
{[%clk 1:30:30]} Ra2+ {[%clk 1:30:30]} 43. Kf3 {[%clk 1:30:30]} Rd2 {[%clk
1:30:30]} 44. Rxd2 {[%clk 1:30:30]} cxd2 {[%clk 1:30:30]} 45. Ke2 {[%clk
1:30:30]} Nd5 {[%clk 1:30:30]} 46. Kxd2 {[%clk 1:30:30]} Ne7 {[%clk 1:30:30]} 47.
Nxe7 {[%clk 1:30:30]} Kxe7 {[%clk 1:30:30]} 48. Kc3 {[%clk 1:30:30]} Rf8 {[%clk
1:30:30]} 49. Rxg7+ {[%clk 1:30:30]} Kxe6 {[%clk 1:30:30]} 50. Rg6+ {[%clk
1:30:30]} Rf6 {[%clk 1:30:30]} 51. Rg7 {[%clk 1:30:30]} Ke5 {[%clk 1:30:30]} 52.
Re7+ {[%clk 1:30:30]} Re6 {[%clk 1:30:30]} 53. Rg7 {[%clk 1:30:30]} a5 {[%clk
1:30:30]} 54. Kb3 {[%clk 1:30:30]} f4 {[%clk 1:30:30]} 55. exf4+ {[%clk 1:30:30]}
Kxf4 {[%clk 1:30:30]} 56. Rg6 {[%clk 1:30:30]} Kf5 {[%clk 1:30:30]} 57. Rg3
{[%clk 1:30:30]} Rf6 {[%clk 1:30:30]} 58. Ka3 {[%clk 1:30:30]} Ke5 {[%clk
1:30:30]} 59. Kb3 {[%clk 1:30:30]} Rf5 {[%clk 1:30:30]} 60. Rc3 {[%clk 1:30:30]}
Kf4 {[%clk 1:30:30]} 61. Rc2 {[%clk 1:30:30]} Rxh5 {[%clk 1:30:30]} 62. Kb2
{[%clk 1:30:30]} Rg5 {[%clk 1:30:30]} 63. Rh2 {[%clk 1:30:30]} h5 {[%clk
1:30:30]} 64. Ka2 {[%clk 1:30:30]} Kg3 {[%clk 1:30:30]} 65. Rh1 {[%clk 1:30:30]}
h4 {[%clk 1:30:30]} 66. Kb3 {[%clk 1:30:30]} h3 {[%clk 1:30:30]} 67. Ra1 {[%clk
1:30:30]} a4+ {[%clk 1:30:30]} 68. Kb4 {[%clk 1:30:30]} h2 {[%clk 1:30:30]} 69.
Ra3+ {[%clk 1:30:30]} Kh4 {[%clk 1:30:30]} 70. Ra1 {[%clk 1:30:30]} Rg1 {[%clk
1:30:30]} 71. Rxg1 {[%clk 1:30:30]} hxg1Q {[%clk 1:30:30]} 72. Ka3 {[%clk
1:30:30]} Qe3+ {[%clk 1:30:30]} 73. Kb2 {[%clk 1:30:30]} a3+ {[%clk 1:30:30]} 74.
Ka2 {[%clk 1:30:30]} b4 {[%clk 1:30:30]} 75. Kb1 {[%clk 1:30:30]} b3 {[%clk
1:30:30]} 76. Ka1 {[%clk 1:30:30]} Qc1# {[%clk 1:30:30]} 0-1

[Event "Girls U14 Polish Youth Championship"]
[Site "chess24.com"]
[Date "2018.04.29"]
[Round "1"]
[White "Szczypawka, Aleksandra"]
[Black "Mrozek, Zofia"]
[Result "0-1"]
[Board "16"]
[WhiteElo "1483"]
[WhiteCountry "POL"]
[WhiteFideId "21816794"]
[WhiteEloChange "-16"]
[BlackElo "1234"]
[BlackCountry "POL"]
[BlackFideId "21855986"]
[BlackEloChange "16"]

1. e4 {[%clk 1:30:57]} c5 {[%clk 1:30:55]} 2. Nc3 {[%clk 1:31:22]} Nc6 {[%clk
1:31:08]} 3. f4 {[%clk 1:31:46]} d6 {[%clk 1:31:16]} 4. Bb5 {[%clk 1:31:40]} Bd7
{[%clk 1:30:30]} 5. Nf3 {[%clk 1:31:32]} g6 {[%clk 1:28:13]} 6. O-O {[%clk
1:29:06]} Bg7 {[%clk 1:28:30]} 7. Bxc6 {[%clk 1:27:12]} Bxc6 {[%clk 1:28:48]} 8.
d3 {[%clk 1:26:24]} Nf6 {[%clk 1:27:55]} 9. Qe2 {[%clk 1:26:34]} Nd7 {[%clk
1:25:30]} 10. f5 {[%clk 1:17:37]} O-O {[%clk 1:22:45]} 11. g4 {[%clk 1:14:48]}
Ne5 {[%clk 1:19:34]} 12. h3 {[%clk 1:05:39]} Qb6 {[%clk 1:18:18]} 13. Kh1 {[%clk
1:00:09]} Rac8 {[%clk 1:15:56]} 14. Nd1 {[%clk 0:52:39]} d5 {[%clk 1:01:16]} 15.
c3 {[%clk 0:38:19]} dxe4 {[%clk 0:59:37]} 16. dxe4 {[%clk 0:38:37]} Bb5 {[%clk
0:59:36]} 17. Qh2 {[%clk 0:37:55]} Bxf1 {[%clk 0:52:23]} 18. Nxe5 {[%clk
0:37:40]} Bxe5 {[%clk 0:50:52]} 19. Qxe5 {[%clk 0:37:47]} Qd6 {[%clk 0:51:08]}
20. Qxd6 {[%clk 0:36:36]} exd6 {[%clk 0:51:30]} 21. Nf2 {[%clk 0:36:49]} Bc4
{[%clk 0:48:12]} 22. b3 {[%clk 0:35:27]} Bb5 {[%clk 0:47:54]} 23. f6 {[%clk
0:34:47]} Bc6 {[%clk 0:46:50]} 24. Bh6 {[%clk 0:25:32]} Rfe8 {[%clk 0:46:33]} 25.
Re1 {[%clk 0:24:32]} d5 {[%clk 0:45:36]} 26. e5 {[%clk 0:23:59]} d4+ {[%clk
0:45:48]} 27. Kh2 {[%clk 0:23:46]} dxc3 {[%clk 0:45:37]} 28. Kg3 {[%clk 0:22:58]}
Rcd8 {[%clk 0:41:58]} 29. h4 {[%clk 0:21:14]} Rd5 {[%clk 0:40:55]} 30. Kf4 {[%clk
0:20:23]} Rd2 {[%clk 0:40:24]} 31. Kg3 {[%clk 0:19:07]} Rxa2 {[%clk 0:36:18]} 32.
h5 {[%clk 0:17:32]} Rb2 {[%clk 0:35:47]} 33. hxg6 {[%clk 0:15:50]} fxg6 {[%clk
0:33:23]} 34. e6 {[%clk 0:15:22]} Rxe6 {[%clk 0:32:49]} 35. Rxe6 {[%clk 0:15:46]}
Kf7 {[%clk 0:33:15]} 36. Re3 {[%clk 0:14:33]} Kxf6 {[%clk 0:32:32]} 37. Rxc3
{[%clk 0:13:53]} b6 {[%clk 0:31:52]} 38. Re3 {[%clk 0:12:51]} Bd5 {[%clk
0:31:35]} 39. Bf4 {[%clk 0:12:08]} Rxb3 {[%clk 0:31:54]} 40. Ne4+ {[%clk
0:11:02]} Kf7 {[%clk 0:30:18]} 41. Nc3 {[%clk 0:08:30]} Be6 {[%clk 0:30:29]} 42.
Rf3 {[%clk 0:07:26]} Ke7 {[%clk 0:30:03]} 43. Re3 {[%clk 0:06:44]} Kf6 {[%clk
0:29:19]} 44. Be5+ {[%clk 0:05:59]} Kf7 {[%clk 0:28:31]} 45. Re1 {[%clk 0:03:22]}
b5 {[%clk 0:25:21]} 46. Kf4 {[%clk 0:02:13]} Rb4+ {[%clk 0:23:02]} 47. Ne4 {[%clk
0:01:49]} Bd5 {[%clk 0:22:52]} 48. Bd6 {[%clk 0:01:19]} Rxe4+ {[%clk 0:23:03]}
49. Rxe4 {[%clk 0:01:41]} Bxe4 {[%clk 0:23:30]} 50. Kxe4 {[%clk 0:02:08]} c4
{[%clk 0:23:52]} 51. Bb4 {[%clk 0:02:18]} Kf6 {[%clk 0:24:12]} 52. Kf4 {[%clk
0:02:10]} h5 {[%clk 0:24:28]} 53. Bc3+ {[%clk 0:01:39]} Ke6 {[%clk 0:24:43]} 54.
gxh5 {[%clk 0:00:43]} gxh5 {[%clk 0:25:06]} 55. Kg5 {[%clk 0:01:11]} Kd5 {[%clk
0:25:31]} 56. Kxh5 {[%clk 0:01:34]} Kc5 {[%clk 0:26:00]} 57. Kg4 {[%clk 0:01:48]}
b4 {[%clk 0:26:25]} 58. Bb2 {[%clk 0:02:00]} c3 {[%clk 0:26:40]} 59. Bc1 {[%clk
0:02:25]} b3 {[%clk 0:26:58]} 60. Kf4 {[%clk 0:01:27]} b2 {[%clk 0:27:19]} 0-1

[Event "Girls U14 Polish Youth Championship"]
[Site "chess24.com"]
[Date "2018.04.29"]
[Round "1"]
[White "Lewandowska, Weronika"]
[Black "Jedrzejko, Martyna"]
[Result "1/2-1/2"]
[Board "17"]
[WhiteElo "1219"]
[WhiteCountry "POL"]
[WhiteFideId "21814198"]
[WhiteEloChange "6"]
[BlackElo "1482"]
[BlackCountry "POL"]
[BlackFideId "21820422"]
[BlackEloChange "-6"]

1. d4 {[%clk 1:30:58]} d5 {[%clk 1:30:43]} 2. c4 {[%clk 1:31:17]} c6 {[%clk
1:30:37]} 3. Nc3 {[%clk 1:31:24]} Nf6 {[%clk 1:30:23]} 4. Nf3 {[%clk 1:30:44]} e6
{[%clk 1:29:44]} 5. e3 {[%clk 1:29:44]} Nbd7 {[%clk 1:29:20]} 6. Bd3 {[%clk
1:27:26]} dxc4 {[%clk 1:28:50]} 7. Bxc4 {[%clk 1:26:59]} b5 {[%clk 1:29:04]} 8.
Bd3 {[%clk 1:26:00]} a6 {[%clk 1:28:35]} 9. O-O {[%clk 1:24:24]} Be7 {[%clk
1:27:55]} 10. a3 {[%clk 1:22:30]} c5 {[%clk 1:22:31]} 11. Ne4 {[%clk 1:09:58]} c4
{[%clk 1:17:47]} 12. Bc2 {[%clk 1:06:31]} Bb7 {[%clk 1:15:57]} 13. Nc3 {[%clk
1:03:36]} O-O {[%clk 1:10:19]} 14. e4 {[%clk 0:58:10]} Nb6 {[%clk 1:04:53]} 15.
Be3 {[%clk 0:53:58]} Ng4 {[%clk 1:01:07]} 16. h3 {[%clk 0:50:33]} Nxe3 {[%clk
1:00:18]} 17. fxe3 {[%clk 0:50:41]} Rc8 {[%clk 0:57:26]} 18. e5 {[%clk 0:45:38]}
Qd7 {[%clk 0:53:08]} 19. Ne4 {[%clk 0:41:38]} Nd5 {[%clk 0:48:22]} 20. Qe2 {[%clk
0:39:23]} h6 {[%clk 0:34:34]} 21. Rac1 {[%clk 0:37:11]} a5 {[%clk 0:18:51]} 22.
Nfd2 {[%clk 0:29:25]} a4 {[%clk 0:12:55]} 23. Nb1 {[%clk 0:22:29]} Ba6 {[%clk
0:09:49]} 24. Nbc3 {[%clk 0:19:49]} Bb7 {[%clk 0:06:19]} 25. Nxd5 {[%clk
0:13:29]} exd5 {[%clk 0:04:33]} 26. Nc3 {[%clk 0:13:09]} Bc6 {[%clk 0:04:26]} 27.
Bf5 {[%clk 0:12:49]} Qb7 {[%clk 0:03:16]} 28. Bxc8 {[%clk 0:12:42]} Rxc8 {[%clk
0:03:16]} 29. Na2 {[%clk 0:10:57]} b4 {[%clk 0:00:48]} 30. axb4 {[%clk 0:09:41]}
Bxb4 {[%clk 0:01:08]} 31. Nxb4 {[%clk 0:09:32]} Qxb4 {[%clk 0:01:33]} 32. Qc2
{[%clk 0:09:09]} Bb5 {[%clk 0:00:38]} 33. Qc3 {[%clk 0:08:31]} Qb3 {[%clk
0:00:48]} 34. Rfe1 {[%clk 0:05:49]} Ra8 {[%clk 0:00:49]} 35. Ra1 {[%clk 0:00:56]}
Qxc3 {[%clk 0:01:06]} 36. bxc3 {[%clk 0:01:22]} Kf8 {[%clk 0:01:20]} 37. Reb1
{[%clk 0:01:37]} Bd7 {[%clk 0:00:50]} 38. Kf2 {[%clk 0:01:34]} Ke8 {[%clk
0:00:49]} 39. Ra3 {[%clk 0:01:07]} Kf8 {[%clk 0:00:49]} 40. Ke1 {[%clk 0:01:07]}
Ke8 {[%clk 0:00:55]} 41. Kd2 {[%clk 0:01:01]} Ke7 {[%clk 0:00:54]} 42. Rb4 {[%clk
0:00:41]} Ra6 {[%clk 0:00:37]} 43. Ke2 {[%clk 0:00:49]} Bc6 {[%clk 0:00:36]} 44.
Kf2 {[%clk 0:01:05]} Kd7 {[%clk 0:00:51]} 45. Rb2 {[%clk 0:00:54]} Ke7 {[%clk
0:01:08]} 46. Rb1 {[%clk 0:00:44]} Kd7 {[%clk 0:01:28]} 47. g4 {[%clk 0:00:41]}
Ke7 {[%clk 0:01:42]} 48. Ke2 {[%clk 0:00:39]} Kd7 {[%clk 0:01:24]} 49. Kd2 {[%clk
0:00:37]} Ke7 {[%clk 0:01:45]} 50. Ke2 {[%clk 0:01:01]} Ke6 {[%clk 0:01:32]}
1/2-1/2

[Event "Girls U14 Polish Youth Championship"]
[Site "chess24.com"]
[Date "2018.04.29"]
[Round "1"]
[White "Bienko, Jagoda"]
[Black "Kudlak, Julia"]
[Result "1/2-1/2"]
[Board "18"]
[WhiteElo "1476"]
[WhiteCountry "POL"]
[WhiteFideId "1194569"]
[WhiteEloChange "-6"]
[BlackElo "1209"]
[BlackCountry "POL"]
[BlackFideId "21859990"]
[BlackEloChange "6"]

1. d4 {[%clk 1:30:56]} Nf6 {[%clk 1:30:51]} 2. c4 {[%clk 1:31:15]} g6 {[%clk
1:31:13]} 3. Nc3 {[%clk 1:31:26]} Bg7 {[%clk 1:31:35]} 4. e4 {[%clk 1:31:42]} d6
{[%clk 1:31:55]} 5. Nf3 {[%clk 1:31:19]} O-O {[%clk 1:32:07]} 6. Be2 {[%clk
1:31:13]} Nbd7 {[%clk 1:32:03]} 7. O-O {[%clk 1:31:19]} e5 {[%clk 1:32:00]} 8. d5
{[%clk 1:30:54]} Nc5 {[%clk 1:32:07]} 9. Qc2 {[%clk 1:30:35]} a5 {[%clk 1:32:05]}
10. Be3 {[%clk 1:29:56]} b6 {[%clk 1:30:16]} 11. a3 {[%clk 1:23:56]} a4 {[%clk
1:29:58]} 12. Bxc5 {[%clk 1:23:37]} bxc5 {[%clk 1:30:18]} 13. Nxa4 {[%clk
1:23:39]} Nxe4 {[%clk 1:29:29]} 14. Qxe4 {[%clk 1:16:04]} Rxa4 {[%clk 1:29:35]}
15. Qc2 {[%clk 1:16:01]} Ra7 {[%clk 1:29:17]} 16. Ne1 {[%clk 1:02:24]} f5 {[%clk
1:28:31]} 17. Qd2 {[%clk 1:00:21]} e4 {[%clk 1:23:50]} 18. Rb1 {[%clk 0:56:31]}
f4 {[%clk 1:22:28]} 19. f3 {[%clk 0:49:30]} e3 {[%clk 1:21:00]} 20. Qc2 {[%clk
0:49:06]} Qg5 {[%clk 1:18:42]} 21. Bd3 {[%clk 0:44:43]} Bd4 {[%clk 1:17:12]} 22.
Qe2 {[%clk 0:44:33]} Bf5 {[%clk 1:14:42]} 23. Bxf5 {[%clk 0:42:30]} Qxf5 {[%clk
1:14:04]} 24. Nc2 {[%clk 0:38:00]} Rb8 {[%clk 1:11:21]} 25. b4 {[%clk 0:28:41]}
h5 {[%clk 1:07:43]} 26. Rfd1 {[%clk 0:24:21]} h4 {[%clk 1:05:56]} 27. Nxd4 {[%clk
0:23:39]} cxd4 {[%clk 1:06:13]} 28. Qd3 {[%clk 0:21:53]} Qxd3 {[%clk 1:05:10]}
29. Rxd3 {[%clk 0:22:16]} Re8 {[%clk 1:04:09]} 30. Kf1 {[%clk 0:20:54]} g5 {[%clk
1:03:45]} 31. Ke2 {[%clk 0:19:47]} Ra4 {[%clk 1:01:42]} 32. Ra1 {[%clk 0:13:06]}
Rea8 {[%clk 1:01:19]} 33. Rb3 {[%clk 0:11:30]} Kf7 {[%clk 1:00:53]} 34. Kd3
{[%clk 0:11:29]} Kf6 {[%clk 1:00:48]} 35. Kxd4 {[%clk 0:11:05]} e2 {[%clk
0:59:22]} 36. Re1 {[%clk 0:03:42]} Rxa3 {[%clk 0:59:29]} 37. Rxa3 {[%clk
0:04:06]} Rxa3 {[%clk 0:59:43]} 38. Rxe2 {[%clk 0:04:30]} Rb3 {[%clk 0:59:55]}
39. b5 {[%clk 0:04:18]} Kf5 {[%clk 0:54:55]} 40. h3 {[%clk 0:04:33]} Kf6 {[%clk
0:54:23]} 41. Re6+ {[%clk 0:04:28]} Kf7 {[%clk 0:54:28]} 42. Re2 {[%clk 0:04:52]}
Kf6 {[%clk 0:54:18]} 43. Ra2 {[%clk 0:04:37]} Ke7 {[%clk 0:54:10]} 44. Rc2 {[%clk
0:04:30]} Kf6 {[%clk 0:53:52]} 45. Ra2 {[%clk 0:03:51]} Ke7 {[%clk 0:54:06]} 46.
Ra7 {[%clk 0:03:20]} Kd7 {[%clk 0:53:52]} 47. Ra2 {[%clk 0:03:38]} Ke7 {[%clk
0:54:14]} 48. Re2+ {[%clk 0:03:32]} Kf6 {[%clk 0:54:32]} 49. Re8 {[%clk 0:02:32]}
Rb2 {[%clk 0:54:12]} 50. Rc8 {[%clk 0:02:00]} Rxg2 {[%clk 0:53:42]} 51. Rxc7
{[%clk 0:02:25]} Rg3 {[%clk 0:53:15]} 52. b6 {[%clk 0:01:54]} Rxf3 {[%clk
0:53:36]} 53. b7 {[%clk 0:02:10]} Rb3 {[%clk 0:53:58]} 54. Rd7 {[%clk 0:01:33]}
f3 {[%clk 0:54:01]} 55. Rxd6+ {[%clk 0:01:44]} Kf7 {[%clk 0:53:03]} 56. b8Q
{[%clk 0:01:05]} Rxb8 {[%clk 0:53:17]} 57. Ke3 {[%clk 0:01:31]} Rb3+ {[%clk
0:52:46]} 58. Kf2 {[%clk 0:01:46]} Rc3 {[%clk 0:52:41]} 59. Rc6 {[%clk 0:01:37]}
Ke7 {[%clk 0:52:31]} 60. Re6+ {[%clk 0:01:44]} Kd7 {[%clk 0:51:38]} 61. Re4
{[%clk 0:01:51]} Kd6 {[%clk 0:51:16]} 62. Re6+ {[%clk 0:01:51]} Kd7 {[%clk
0:49:35]} 63. Re4 {[%clk 0:01:54]} Kd6 {[%clk 0:49:50]} 64. Rg4 {[%clk 0:02:06]}
Kc5 {[%clk 0:48:25]} 65. Re4 {[%clk 0:02:01]} Kd6 {[%clk 0:48:32]} 66. Rg4 {[%clk
0:01:24]} Kc5 {[%clk 0:48:56]} 67. Rxg5 {[%clk 0:01:20]} Rxc4 {[%clk 0:48:58]}
68. Kxf3 {[%clk 0:01:24]} Rd4 {[%clk 0:49:00]} 69. Rh5 {[%clk 0:01:04]} Rd3+
{[%clk 0:47:54]} 70. Kg2 {[%clk 0:00:38]} Rd4 {[%clk 0:48:06]} 71. Kf2 {[%clk
0:00:47]} Kd6 {[%clk 0:43:55]} 72. Ke3 {[%clk 0:00:43]} Rxd5 {[%clk 0:43:39]} 73.
Rxh4 {[%clk 0:01:07]} Ke6 {[%clk 0:43:25]} 74. Kf4 {[%clk 0:00:46]} Rd4+ {[%clk
0:43:33]} 75. Kg5 {[%clk 0:01:04]} Rxh4 {[%clk 0:43:55]} 76. Kxh4 {[%clk
0:01:31]} Kf6 {[%clk 0:44:16]} 1/2-1/2

[Event "Girls U14 Polish Youth Championship"]
[Site "chess24.com"]
[Date "2018.04.29"]
[Round "1"]
[White "Pieczewska, Gabriela"]
[Black "Libura, Julianna"]
[Result "0-1"]
[Board "19"]
[WhiteElo "1203"]
[WhiteCountry "POL"]
[WhiteFideId "1195158"]
[WhiteEloChange "-4"]
[BlackElo "1466"]
[BlackCountry "POL"]
[BlackFideId "21820708"]
[BlackEloChange "4"]

1. c4 {[%clk 1:30:58]} e6 {[%clk 1:30:51]} 2. Nc3 {[%clk 1:31:21]} d5 {[%clk
1:31:09]} 3. cxd5 {[%clk 1:31:21]} exd5 {[%clk 1:30:48]} 4. d4 {[%clk 1:30:13]}
Nf6 {[%clk 1:28:35]} 5. g3 {[%clk 1:29:26]} Bf5 {[%clk 1:26:42]} 6. Bg2 {[%clk
1:26:34]} c6 {[%clk 1:25:22]} 7. Nf3 {[%clk 1:19:58]} Bd6 {[%clk 1:24:17]} 8. O-O
{[%clk 1:15:16]} O-O {[%clk 1:22:27]} 9. Re1 {[%clk 1:13:10]} Re8 {[%clk
1:18:00]} 10. a3 {[%clk 1:08:38]} Ne4 {[%clk 1:07:37]} 11. Nh4 {[%clk 1:03:39]}
Bg4 {[%clk 1:06:35]} 12. h3 {[%clk 0:59:23]} Bh5 {[%clk 1:04:45]} 13. Nxe4 {[%clk
0:53:59]} dxe4 {[%clk 1:03:30]} 14. b4 {[%clk 0:53:56]} e3 {[%clk 0:53:49]} 15.
Bxe3 {[%clk 0:49:57]} Rxe3 {[%clk 0:48:58]} 16. fxe3 {[%clk 0:47:29]} Bxg3 {[%clk
0:49:16]} 17. Rf1 {[%clk 0:46:05]} Qxh4 {[%clk 0:49:02]} 18. Qc2 {[%clk 0:40:47]}
Nd7 {[%clk 0:41:00]} 19. Rac1 {[%clk 0:34:20]} Re8 {[%clk 0:40:25]} 20. Qf5
{[%clk 0:31:53]} Nf6 {[%clk 0:40:30]} 21. Bf3 {[%clk 0:30:21]} Bg6 {[%clk
0:39:56]} 22. Qc5 {[%clk 0:27:39]} Qxh3 {[%clk 0:40:07]} 23. Rf2 {[%clk 0:27:02]}
Bxf2+ {[%clk 0:40:14]} 24. Kxf2 {[%clk 0:27:25]} Qh2+ {[%clk 0:39:19]} 25. Ke1
{[%clk 0:27:37]} Qg1+ {[%clk 0:39:42]} 26. Kd2 {[%clk 0:27:58]} Qxe3+ {[%clk
0:40:07]} 27. Ke1 {[%clk 0:27:50]} Be4 {[%clk 0:39:15]} 28. Rc3 {[%clk 0:27:57]}
Qg1+ {[%clk 0:39:31]} 29. Kd2 {[%clk 0:28:16]} Bxf3 {[%clk 0:39:49]} 30. Rxf3
{[%clk 0:28:37]} Ne4+ {[%clk 0:40:01]} 0-1

[Event "Girls U14 Polish Youth Championship"]
[Site "chess24.com"]
[Date "2018.04.29"]
[Round "1"]
[White "Mezykowska, Emilia"]
[Black "Franek, Diana"]
[Result "1-0"]
[Board "20"]
[WhiteElo "1464"]
[WhiteCountry "POL"]
[WhiteFideId "21862524"]
[WhiteEloChange "3"]
[BlackElo "1190"]
[BlackCountry "POL"]
[BlackFideId "21856516"]
[BlackEloChange "-3"]

1. e4 {[%clk 1:30:57]} e5 {[%clk 1:30:49]} 2. Nf3 {[%clk 1:31:21]} Nc6 {[%clk
1:31:07]} 3. d4 {[%clk 1:31:43]} exd4 {[%clk 1:27:22]} 4. Nxd4 {[%clk 1:32:01]}
Bc5 {[%clk 1:27:04]} 5. Be3 {[%clk 1:32:04]} Bb6 {[%clk 1:24:45]} 6. Nf5 {[%clk
1:31:36]} Qf6 {[%clk 1:23:08]} 7. Bxb6 {[%clk 1:27:08]} axb6 {[%clk 1:22:57]} 8.
Nc3 {[%clk 1:25:52]} g6 {[%clk 1:19:55]} 9. Ne3 {[%clk 1:22:40]} d6 {[%clk
1:15:38]} 10. Ned5 {[%clk 1:20:24]} Qd8 {[%clk 1:15:28]} 11. Nb5 {[%clk 1:18:28]}
Kf8 {[%clk 1:08:23]} 12. Ndxc7 {[%clk 1:11:44]} Rb8 {[%clk 1:01:49]} 13. Qxd6+
{[%clk 1:04:39]} Qxd6 {[%clk 1:02:03]} 14. Nxd6 {[%clk 1:05:00]} Ke7 {[%clk
1:01:56]} 15. O-O-O {[%clk 0:52:32]} Nf6 {[%clk 1:01:04]} 16. Nxc8+ {[%clk
0:45:00]} Rbxc8 {[%clk 1:01:03]} 17. Nd5+ {[%clk 0:41:16]} Nxd5 {[%clk 1:00:26]}
18. exd5 {[%clk 0:40:27]} Nb4 {[%clk 1:00:09]} 19. d6+ {[%clk 0:39:05]} Kd7
{[%clk 0:59:50]} 20. Bb5+ {[%clk 0:38:23]} Nc6 {[%clk 0:59:26]} 21. Rd2 {[%clk
0:29:58]} Rhe8 {[%clk 0:58:43]} 22. Rhd1 {[%clk 0:28:05]} Re5 {[%clk 0:58:13]}
23. Rd5 {[%clk 0:24:30]} Rce8 {[%clk 0:57:22]} 24. Rxe5 {[%clk 0:18:49]} Rxe5
{[%clk 0:57:32]} 25. a4 {[%clk 0:19:01]} f6 {[%clk 0:56:56]} 26. f4 {[%clk
0:14:47]} Re6 {[%clk 0:56:55]} 27. g3 {[%clk 0:10:37]} Rxd6 {[%clk 0:54:26]} 28.
b4 {[%clk 0:09:13]} Ke7 {[%clk 0:53:27]} 29. Rxd6 {[%clk 0:09:16]} Kxd6 {[%clk
0:53:38]} 30. Bxc6 {[%clk 0:08:18]} bxc6 {[%clk 0:53:56]} 31. c4 {[%clk 0:06:35]}
c5 {[%clk 0:48:17]} 32. b5 {[%clk 0:05:44]} f5 {[%clk 0:48:27]} 33. Kd2 {[%clk
0:05:37]} Kc7 {[%clk 0:48:08]} 34. Ke3 {[%clk 0:05:48]} Kd6 {[%clk 0:47:12]} 35.
Kf3 {[%clk 0:05:38]} h5 {[%clk 0:47:30]} 36. Kg2 {[%clk 0:05:10]} Ke6 {[%clk
0:46:34]} 37. Kh3 {[%clk 0:04:51]} Ke7 {[%clk 0:46:34]} 38. Kh4 {[%clk 0:04:58]}
Kf6 {[%clk 0:45:31]} 39. a5 {[%clk 0:04:04]} bxa5 {[%clk 0:45:00]} 40. b6 {[%clk
0:04:23]} a4 {[%clk 0:45:22]} 41. b7 {[%clk 0:04:43]} a3 {[%clk 0:45:50]} 42. b8Q
{[%clk 0:05:03]} a2 {[%clk 0:46:17]} 43. Qb2+ {[%clk 0:05:13]} Kf7 {[%clk
0:46:41]} 44. Qxa2 {[%clk 0:05:29]} Ke7 {[%clk 0:47:05]} 45. Qa6 {[%clk 0:05:33]}
Kf7 {[%clk 0:47:28]} 46. Kg5 {[%clk 0:05:55]} Kg7 {[%clk 0:47:49]} 47. Qa7+
{[%clk 0:06:13]} Kf8 {[%clk 0:48:00]} 48. Kf6 {[%clk 0:06:35]} h4 {[%clk
0:48:15]} 49. Qa8# {[%clk 0:06:59]} 1-0